000 01279nam a2200337Ia 4500
001 ebr10533960
003 CaPaEBR
006 m u
007 cr cn|||||||||
008 110815s2012 njua sb 001 0 eng d
010 _z 2011028937
020 _z9780470155868
040 _aCaPaEBR
_cCaPaEBR
035 _a(OCoLC)779616854
050 1 4 _aTA430
_b.F74 2012eb
082 0 4 _a620.1/126
_223
100 1 _aFreiman, S. W.
245 1 4 _aThe fracture of brittle materials
_h[electronic resource] :
_btesting and analysis /
_cby Stephen Freiman, John Mecholsky.
260 _aHoboken, N.J. :
_bJohn Wiley & Sons,
_cc2012.
300 _axi, 183 p. :
_bill.
504 _aIncludes bibliographical references and index.
533 _aElectronic reproduction.
_bPalo Alto, Calif. :
_cebrary,
_d2011.
_nAvailable via World Wide Web.
_nAccess may be limited to ebrary affiliated libraries.
650 0 _aCeramic materials
_xFracture.
650 0 _aFracture mechanics.
650 0 _aMaterials
_xFatigue.
650 0 _aFractography.
655 7 _aElectronic books.
_2local
700 1 _aMecholsky, J. J.
710 2 _aebrary, Inc.
856 4 0 _uhttp://site.ebrary.com/lib/rucke/Doc?id=10533960
_zAn electronic book accessible through the World Wide Web; click to view
999 _c148350
_d148350